[Event "EYCC Open U20 2021"]
[Site "Tornelo"]
[Date "2021.10.15"]
[Round "4.8"]
[White "Kirilmaz, Emre"]
[Black "Kalogridis, Antonios"]
[Result "1-0"]
[WhiteElo "2147"]
[BlackElo "2275"]
[Annotator "ChessBase"]
[PlyCount "213"]
[EventDate "2021.10.15"]
[EventType "swiss"]
[EventCountry "NET"]
[SourceTitle "playchess.com"]
[Source "ChessBase"]
[SourceQuality "1"]
[TimeControl "5400+30"]

1. d4 {[%emt 0:00:30]} Nf6 {[%emt 0:00:34]} 2. c3 {[%emt 0:00:44]} g6 {[%emt 0:00:04]} 3. Bg5 {[%emt 0:00:06]} Bg7 {[%emt 0:00:04]} 4. Nd2 {[%emt 0:00:08]} d5 {[%emt 0:00:03]} 5. e3 {[%emt 0:01:08]} O-O {[%emt 0:00:06]} 6. Bd3 {[%emt 0:00:22]} c5 {[%emt 0:00:05]} 7. Ngf3 {[%emt 0:00:19]} Qb6 {[%emt 0:00:11]} 8. Rb1 {[%emt 0:00:55]} Nbd7 {[%emt 0:00:05]} 9. O-O {[%emt 0:01:10]} Re8 {[%emt 0:00:06]} 10. Qa4 {[%emt 0:04:10]} Kf8 {[%emt 0:20:34]} 11. Qa3 {[%emt 0:15:35]} Kg8 {[%emt 0:08:27]} 12. c4 {[%emt 0:05:55]} cxd4 {[%emt 0:06:10]} 13. exd4 {[%emt 0:00:24]} e5 {[%emt 0:01:25]} 14. dxe5 {[%emt 0:12:52]} Nxe5 {[%emt 0:00:25]} 15. Nxe5 {[%emt 0:05:20]} Rxe5 {[%emt 0:02:53]} 16. c5 {[%emt 0:03:30]} Qd8 {[%emt 0:04:24]} 17. Nf3 {[%emt 0:03:16]} Re8 {[%emt 0:00:19]} 18. Rfe1 {[%emt 0:02:23]} Bd7 {[%emt 0:07:47]} 19. Rxe8+ {[%emt 0:14:13]} Qxe8 {[%emt 0:00:30]} 20. Re1 {[%emt 0:06:44]} Ne4 {[%emt 0:03:17]} 21. b4 {[%emt 0:02:08]} a5 {[%emt 0:09:33]} 22. bxa5 {[%emt 0:01:59]} Bc3 {[%emt 0:07:41]} 23. Rxe4 {[%emt 0:01:45]} dxe4 {[%emt 0:00:22]} 24. Qxc3 {[%emt 0:00:08]} exd3 {[%emt 0:00:25]} 25. Bh6 {[%emt 0:00:13]} f6 {[%emt 0:00:07]} 26. Qxf6 {[%emt 0:00:13]} Qf7 {[%emt 0:00:12]} 27. Qd4 {[%emt 0:09:46]} Bf5 {[%emt 0:03:52]} 28. g4 {[%emt 0:02:17]} Qd7 {[%emt 0:05:58]} 29. gxf5 {[%emt 0:00:23]} Qxd4 {[%emt 0:00:08]} 30. Nxd4 {[%emt 0:00:07]} Rxa5 {[%emt 0:00:11]} 31. Nb3 {[%emt 0:01:01]} Rxa2 {[%emt 0:00:08]} 32. fxg6 {[%emt 0:00:09]} Rb2 {[%emt 0:00:45]} 33. Nd2 {[%emt 0:00:20]} hxg6 {[%emt 0:00:06]} 34. Kg2 {[%emt 0:05:07]} Kf7 {[%emt 0:00:26]} 35. Kf3 {[%emt 0:00:48]} Ke6 {[%emt 0:00:26]} 36. Ke4 {[%emt 0:00:16]} Rb4+ {[%emt 0:00:12]} 37. Kxd3 {[%emt 0:00:07]} Rh4 {[%emt 0:00:12]} 38. Be3 {[%emt 0:00:27]} Rxh2 {[%emt 0:00:05]} 39. Kc4 {[%emt 0:00:25]} Kd7 {[%emt 0:00:11]} 40. Kb5 {[%emt 0:00:11]} Rh1 {[%emt 0:00:29]} 41. Nf3 {[%emt 0:00:32]} Rb1+ {[%emt 0:00:14]} 42. Kc4 {[%emt 0:00:27]} Ke6 {[%emt 0:00:05]} 43. Nd4+ {[%emt 0:00:57]} Ke5 {[%emt 0:00:17]} 44. Nb5 {[%emt 0:00:37]} Ke6 {[%emt 0:00:18]} 45. Na3 {[%emt 0:00:47]} Ra1 {[%emt 0:00:21]} 46. Nc2 {[%emt 0:00:12]} Rb1 {[%emt 0:00:05]} 47. Nb4 {[%emt 0:00:10]} Rb2 {[%emt 0:00:37]} 48. Nd3 {[%emt 0:00:28]} Rb1 {[%emt 0:00:06]} 49. Nf4+ {[%emt 0:00:47]} Kf5 {[%emt 0:00:08]} 50. Ne2 {[%emt 0:00:41]} Ke6 {[%emt 0:00:24]} 51. Bd4 {[%emt 0:00:23]} Re1 {[%emt 0:00:40]} 52. Nc3 {[%emt 0:00:28]} g5 {[%emt 0:00:23]} 53. Kb5 {[%emt 0:00:20]} Kd7 {[%emt 0:00:15]} 54. Kb6 {[%emt 0:00:53]} Kc8 {[%emt 0:01:24]} 55. Be3 {[%emt 0:00:42]} g4 {[%emt 0:00:12]} 56. Ne4 {[%emt 0:00:24]} Rb1+ {[%emt 0:00:46]} 57. Ka5 {[%emt 0:00:04]} Kc7 {[%emt 0:00:05]} 58. Nf6 {[%emt 0:00:21]} Rg1 {[%emt 0:02:10]} 59. Kb5 {[%emt 0:00:10]} Kd8 {[%emt 0:00:43]} 60. Bf4 {[%emt 0:00:20]} Rb1+ {[%emt 0:03:31]} 61. Kc4 {[%emt 0:00:09]} b5+ {[%emt 0:00:07]} 62. cxb6 {[%emt 0:02:19]} Rxb6 {[%emt 0:00:09]} 63. Nxg4 {[%emt 0:00:06]} Rb2 {[%emt 0:00:16]} 64. Kd5 {[%emt 0:00:25]} Ke7 {[%emt 0:00:05]} 65. Be5 {[%emt 0:00:31]} Rd2+ {[%emt 0:00:09]} 66. Bd4 {[%emt 0:00:13]} Rd1 {[%emt 0:00:08]} 67. f4 {[%emt 0:00:20]} Kf7 {[%emt 0:00:13]} 68. Ke5 {[%emt 0:00:23]} Rb1 {[%emt 0:00:17]} 69. Kf5 {[%emt 0:00:13]} Rf1 {[%emt 0:00:08]} 70. Nh6+ {[%emt 0:00:23]} Kf8 {[%emt 0:00:22]} 71. Be5 {[%emt 0:00:08]} Ke7 {[%emt 0:00:09]} 72. Ng4 {[%emt 0:00:49]} Kd7 {[%emt 0:00:16]} 73. Nf6+ {[%emt 0:00:13]} Kc6 {[%emt 0:00:05]} 74. Ke6 {[%emt 0:00:06]} Rxf4 {[%emt 0:00:18]} 75. Bxf4 {[%emt 0:00:06]} Kb7 {[%emt 0:00:06]} 76. Kd5 {[%emt 0:00:14]} Ka8 {[%emt 0:00:04]} 77. Kc6 {[%emt 0:00:12]} Ka7 {[%emt 0:00:04]} 78. Nd5 {[%emt 0:00:17]} Ka8 {[%emt 0:00:07]} 79. Nb6+ {[%emt 0:00:11]} Ka7 {[%emt 0:00:05]} 80. Bc7 {[%emt 0:00:06]} Ka6 {[%emt 0:00:05]} 81. Bb8 {[%emt 0:00:07]} Ka5 {[%emt 0:00:05]} 82. Nd5 {[%emt 0:00:07]} Ka4 {[%emt 0:00:25]} 83. Kc5 {[%emt 0:00:08]} Kb3 {[%emt 0:00:08]} 84. Nb4 {[%emt 0:00:05]} Kc3 {[%emt 0:00:04]} 85. Bf4 {[%emt 0:00:07]} Kb3 {[%emt 0:00:16]} 86. Be5 {[%emt 0:00:11]} Ka4 {[%emt 0:00:08]} 87. Kc4 {[%emt 0:00:09]} Ka5 {[%emt 0:00:06]} 88. Bc7+ {[%emt 0:00:05]} Ka4 {[%emt 0:00:04]} 89. Nd5 {[%emt 0:00:30]} Ka3 {[%emt 0:00:05]} 90. Nc3 {[%emt 0:00:08]} Kb2 {[%emt 0:00:05]} 91. Bd6 {[%emt 0:00:25]} Kc1 {[%emt 0:00:13]} 92. Bf4+ {[%emt 0:02:24]} Kc2 {[%emt 0:00:19]} 93. Be3 {[%emt 0:00:16]} Kb2 {[%emt 0:00:08]} 94. Kd3 {[%emt 0:02:46]} Ka3 {[%emt 0:00:15]} 95. Bc5+ {[%emt 0:00:15]} Kb3 {[%emt 0:00:09]} 96. Bd6 {[%emt 0:00:09]} Kb2 {[%emt 0:00:07]} 97. Nd5 {[%emt 0:00:30]} Kc1 {[%emt 0:01:23]} 98. Bb4 {[%emt 0:00:26]} Kb2 {[%emt 0:00:13]} 99. Bc3+ {[%emt 0:01:08]} Kb3 {[%emt 0:00:08]} 100. Nb6 {[%emt 0:00:08]} Ka3 {[%emt 0:00:12]} 101. Kc2 {[%emt 0:00:06]} Ka2 {[%emt 0:00:12]} 102. Bb4 {[%emt 0:00:05]} Ka1 {[%emt 0:00:08]} 103. Nd5 {[%emt 0:00:11]} Ka2 {[%emt 0:00:03]} 104. Nf4 {[%emt 0:00:08]} Ka1 {[%emt 0:00:05]} 105. Nd3 {[%emt 0:00:05]} Ka2 {[%emt 0:00:04]} 106. Nc1+ {[%emt 0:00:05]} Ka1 {[%emt 0:00:05]} 107. Bc3# {[%emt 0:00:05]} 1-0

[Event "EYCC Open U20 2021"]
[Site "Tornelo"]
[Date "2021.10.15"]
[Round "4.10"]
[White "Bruaset, Eivind"]
[Black "Nordquelle, Daniel"]
[Result "1-0"]
[WhiteElo "2200"]
[BlackElo "2143"]
[Annotator "ChessBase"]
[PlyCount "109"]
[EventDate "2021.10.15"]
[EventType "swiss"]
[EventCountry "NET"]
[SourceTitle "playchess.com"]
[Source "ChessBase"]
[SourceQuality "1"]
[TimeControl "5400+30"]

1. e4 {[%emt 0:00:30]} c5 {[%emt 0:00:50]} 2. Nf3 {[%emt 0:00:15]} a6 {[%emt 0:00:11]} 3. c4 {[%emt 0:00:26]} d6 {[%emt 0:02:23]} 4. d4 {[%emt 0:01:48]} cxd4 {[%emt 0:00:04]} 5. Nxd4 {[%emt 0:00:14]} Nf6 {[%emt 0:00:39]} 6. Nc3 {[%emt 0:00:31]} e6 {[%emt 0:00:10]} 7. Be2 {[%emt 0:04:45]} Be7 {[%emt 0:01:16]} 8. O-O {[%emt 0:01:07]} b6 {[%emt 0:01:41]} 9. Be3 {[%emt 0:02:33]} O-O {[%emt 0:00:56]} 10. f3 {[%emt 0:10:00]} Bb7 {[%emt 0:00:22]} 11. Qd2 {[%emt 0:00:24]} Nbd7 {[%emt 0:00:58]} 12. Rac1 {[%emt 0:01:33]} Rc8 {[%emt 0:08:57]} 13. Rfd1 {[%emt 0:02:33]} Kh8 {[%emt 0:05:58]} 14. Bf1 {[%emt 0:01:26]} Qc7 {[%emt 0:02:12]} 15. Qf2 {[%emt 0:02:33]} Rg8 {[%emt 0:01:21]} 16. b4 {[%emt 0:09:54]} g5 {[%emt 0:02:11]} 17. h3 {[%emt 0:00:40]} Rg6 {[%emt 0:05:53]} 18. Na4 {[%emt 0:07:27]} h5 {[%emt 0:04:53]} 19. Bd3 {[%emt 0:25:22]} Ne5 {[%emt 0:12:25]} 20. Ne2 {[%emt 0:02:43]} g4 {[%emt 0:09:06]} 21. Nf4 {[%emt 0:00:47]} Rg7 {[%emt 0:01:20]} 22. hxg4 {[%emt 0:00:22]} hxg4 {[%emt 0:04:07]} 23. Kf1 {[%emt 0:00:20]} gxf3 {[%emt 0:05:21]} 24. gxf3 {[%emt 0:00:30]} Nxd3 {[%emt 0:09:56]} 25. Nxd3 {[%emt 0:02:28]} Rcg8 {[%emt 0:05:03]} 26. Ke2 {[%emt 0:00:26]} b5 {[%emt 0:01:45]} 27. cxb5 {[%emt 0:03:12]} Qd7 {[%emt 0:00:05]} 28. Rh1+ {[%emt 0:00:37]} Nh7 {[%emt 0:00:14]} 29. Rh5 {[%emt 0:00:46]} f5 {[%emt 0:03:21]} 30. exf5 {[%emt 0:02:12]} Bf6 {[%emt 0:01:51]} 31. Nb6 {[%emt 0:03:17]} Qf7 {[%emt 0:01:15]} 32. Nf4 {[%emt 0:00:42]} exf5 {[%emt 0:00:46]} 33. Nc4 {[%emt 0:06:24]} Rc8 {[%emt 0:04:41]} 34. Nxd6 {[%emt 0:03:30]} Qxa2+ {[%emt 0:00:05]} 35. Kf1 {[%emt 0:00:05]} Rxc1+ {[%emt 0:00:39]} 36. Bxc1 {[%emt 0:00:03]} Qb3 {[%emt 0:02:37]} 37. Qe2 {[%emt 0:01:31]} Bxf3 {[%emt 0:02:20]} 38. Qe8+ {[%emt 0:00:28]} Qg8 {[%emt 0:00:11]} 39. Nf7+ {[%emt 0:02:09]} Rxf7 {[%emt 0:00:09]} 40. Ng6+ {[%emt 0:00:03]} Kg7 {[%emt 0:00:04]} 41. Bh6+ {[%emt 0:00:04]} Kxg6 {[%emt 0:00:12]} 42. Qxg8+ {[%emt 0:00:04]} Kxh5 {[%emt 0:02:06]} 43. Qxf7+ {[%emt 0:00:13]} Kxh6 {[%emt 0:00:01]} 44. bxa6 {[%emt 0:00:18]} Be4 {[%emt 0:01:21]} 45. a7 {[%emt 0:00:53]} Bd4 {[%emt 0:00:25]} 46. Qe6+ {[%emt 0:00:12]} Nf6 {[%emt 0:00:19]} 47. Qxe4 {[%emt 0:00:09]} fxe4 {[%emt 0:00:31]} 48. a8=Q {[%emt 0:00:15]} Kg5 {[%emt 0:00:03]} 49. b5 {[%emt 0:00:27]} Kf4 {[%emt 0:00:17]} 50. b6 {[%emt 0:00:09]} e3 {[%emt 0:01:11]} 51. Ke2 {[%emt 0:00:47]} Ne4 {[%emt 0:00:19]} 52. b7 {[%emt 0:00:27]} Ng3+ {[%emt 0:00:40]} 53. Kd3 {[%emt 0:00:08]} e2 {[%emt 0:00:30]} 54. b8=Q+ {[%emt 0:00:09]} Be5 {[%emt 0:00:03]} 55. Qxe5+ {[%emt 0:00:08]} 1-0

[Event "EYCC Open U20 2021"]
[Site "Tornelo"]
[Date "2021.10.15"]
[Round "4.11"]
[White "Crevatin, Leo"]
[Black "Levin, Guy"]
[Result "0-1"]
[WhiteElo "2275"]
[BlackElo "2359"]
[Annotator "ChessBase"]
[PlyCount "94"]
[EventDate "2021.10.15"]
[EventType "swiss"]
[EventCountry "NET"]
[SourceTitle "playchess.com"]
[Source "ChessBase"]
[SourceQuality "1"]
[TimeControl "5400+30"]

1. d4 {[%emt 0:00:30]} d5 {[%emt 0:00:34]} 2. c4 {[%emt 0:00:24]} dxc4 {[%emt 0:00:04]} 3. e4 {[%emt 0:02:49]} b5 {[%emt 0:00:05]} 4. a4 {[%emt 0:02:02]} c6 {[%emt 0:00:06]} 5. Nc3 {[%emt 0:01:50]} b4 {[%emt 0:00:26]} 6. Nce2 {[%emt 0:03:47]} Ba6 {[%emt 0:00:43]} 7. Nf3 {[%emt 0:02:10]} e6 {[%emt 0:02:03]} 8. Ng3 {[%emt 0:10:00]} Nf6 {[%emt 0:12:40]} 9. Be2 {[%emt 0:07:14]} c5 {[%emt 0:03:27]} 10. e5 {[%emt 0:05:33]} Nd5 {[%emt 0:07:20]} 11. Ne4 {[%emt 0:11:46]} cxd4 {[%emt 0:05:26]} 12. Nxd4 {[%emt 0:07:44]} Qc7 {[%emt 0:06:31]} 13. O-O {[%emt 0:06:39]} Be7 {[%emt 0:11:33]} 14. Re1 {[%emt 0:12:55]} O-O {[%emt 0:02:43]} 15. Bg4 {[%emt 0:04:59]} Qd7 {[%emt 0:06:54]} 16. Bg5 {[%emt 0:03:15]} Nc6 {[%emt 0:03:29]} 17. Nf3 {[%emt 0:04:54]} h6 {[%emt 0:07:06]} 18. Bxe7 {[%emt 0:01:11]} Qxe7 {[%emt 0:02:10]} 19. Nd6 {[%emt 0:02:11]} Rad8 {[%emt 0:06:26]} 20. Qc2 {[%emt 0:03:23]} Nxe5 {[%emt 0:01:05]} 21. Nxe5 {[%emt 0:00:54]} Rxd6 {[%emt 0:00:31]} 22. Nxc4 {[%emt 0:00:43]} Rc6 {[%emt 0:00:08]} 23. b3 {[%emt 0:01:07]} Qc7 {[%emt 0:00:16]} 24. Rac1 {[%emt 0:02:32]} Bxc4 {[%emt 0:00:39]} 25. bxc4 {[%emt 0:00:23]} Nc3 {[%emt 0:00:21]} 26. Be2 {[%emt 0:00:51]} Rc8 {[%emt 0:00:59]} 27. Bf1 {[%emt 0:00:17]} Rc5 {[%emt 0:00:28]} 28. Re3 {[%emt 0:00:33]} Qc6 {[%emt 0:00:32]} 29. Rg3 {[%emt 0:00:54]} a5 {[%emt 0:00:11]} 30. Ra1 {[%emt 0:01:15]} Rd8 {[%emt 0:00:53]} 31. Qc1 {[%emt 0:00:32]} e5 {[%emt 0:00:14]} 32. Qe3 {[%emt 0:00:29]} Rd4 {[%emt 0:00:47]} 33. Bd3 {[%emt 0:00:36]} Qd6 {[%emt 0:00:05]} 34. Re1 {[%emt 0:00:27]} e4 {[%emt 0:01:04]} 35. Bc2 {[%emt 0:00:33]} f5 {[%emt 0:00:05]} 36. Rg6 {[%emt 0:00:30]} Qxg6 {[%emt 0:01:59]} 37. Qxd4 {[%emt 0:00:07]} Qc6 {[%emt 0:00:03]} 38. f3 {[%emt 0:00:42]} Kh7 {[%emt 0:00:35]} 39. fxe4 {[%emt 0:00:44]} Rxc4 {[%emt 0:00:12]} 40. Qe5 {[%emt 0:00:28]} fxe4 {[%emt 0:00:35]} 41. Qf5+ {[%emt 0:00:25]} Qg6 {[%emt 0:00:07]} 42. Qxa5 {[%emt 0:00:22]} Rd4 {[%emt 0:00:09]} 43. Qc7 {[%emt 0:00:44]} Rd2 {[%emt 0:00:20]} 44. Bxe4 {[%emt 0:00:33]} Nxe4 {[%emt 0:00:08]} 45. g3 {[%emt 0:00:15]} Ng5 {[%emt 0:00:49]} 46. Rf1 {[%emt 0:00:48]} Nh3+ {[%emt 0:00:07]} 47. Kh1 {[%emt 0:00:14]} Qe4+ {[%emt 0:00:03]} 0-1

[Event "EYCC Open U20 2021"]
[Site "Tornelo"]
[Date "2021.10.15"]
[Round "5.1"]
[White "Pantzar, Milton"]
[Black "Murzin, Volodar"]
[Result "0-1"]
[WhiteElo "2413"]
[BlackElo "2513"]
[Annotator "TA"]
[PlyCount "110"]
[EventDate "2021.10.15"]
[EventType "swiss"]
[EventCountry "NET"]
[SourceTitle "playchess.com"]
[Source "ChessBase"]
[SourceQuality "1"]

{[%evp 20,110,13,6,20,27,29,11,25,12,29,12,15,11,20,0,34,36,44,27,35,26,27,27,47,44,62,51,93,93,114,120,202,102,151,112,108,84,118,23,22,19,25,0,0,0,21,0,0,0,2,-57,-66,-77,-94,-177,0,-17,-3,-89,-99,-179,-184,-192,-91,-137,-150,-183,-173,-154,-163,-127,-173,-323,-179,-224,-220,-222,-203,-472,-467,-512,-473,-403,-346,-634,-627,-620,-620,-583,-575,-514,-418]} 1. e4 c5 2. Nf3 d6 3. d4 cxd4 4. Nxd4 Nf6 5. Nc3 a6 6. g3 e5 7. Nde2 Be6 8. a4 Be7 9. Bg2 O-O 10. O-O Nbd7 11. h3 Nc5 {B91: Sicilian Najdorf: 6 g3.} 12. g4 {[#]} Bc4 $146 ({Predecessor:} 12... Ne8 13. a5 Rc8 14. Ng3 Bc4 15. Re1 Bg5 16. Bxg5 Qxg5 17. Qc1 Qxc1 18. Rexc1 g6 19. Nd1 {½-½ (38) Voveris,S (2319)-Badolati,S (2512) ICCF email 2015}) 13. Re1 Bxe2 {The position is equal.} 14. Qxe2 Ne8 15. Be3 Ne6 16. Nd5 Bg5 17. a5 Bxe3 18. fxe3 Nf6 19. Nb6 Rb8 20. Rad1 $36 {[%mdl 2048] White has the initiative.} Qe7 21. b4 Rbd8 22. c4 Nd7 {Black wants to play ...Nxb6.} 23. Nd5 Qe8 24. Rf1 Rc8 25. h4 h6 (25... f6 $16 {was called for.} 26. Bh3 Kh8) 26. Kh2 (26. g5 $1 $18) 26... Qd8 27. Kg3 Rc6 28. Rd2 (28. Bh3 {keeps more tension.} Nf6 29. Nxf6+ gxf6 30. Rf2 Qe7 31. Rdf1) 28... Nc7 29. Rc1 (29. Nxc7 $1 $16 Qxc7 30. g5) 29... Nxd5 $11 30. exd5 Rc8 31. Bh3 e4 32. Rd4 Re8 33. Rf1 (33. g5 $5) 33... Rc7 34. Rf4 Ne5 35. Rdxe4 (35. Rfxe4 $11 g5 36. h5) 35... Ng6 $1 $15 {Threatens to win with ...Rce7.} 36. Rxe8+ Qxe8 37. Rf5 (37. Rd4 $17) 37... Qa4 $2 ({Black should play} 37... Re7 $1 $19 {[%cal Re7e3]} 38. Kf2 Nxh4) 38. h5 $11 Nf8 39. c5 (39. Qe1 $11) 39... Qxb4 $17 40. cxd6 (40. c6 $17 {was necessary.}) 40... Qxd6+ $19 41. Kg2 f6 (41... Nh7 $19 {has better winning chances. And now ...Ng5 would win.} 42. Kg1 Qg3+ 43. Bg2 Nf6) 42. e4 Nd7 43. g5 hxg5 44. Rf2 {[#]} Ne5 45. Be6+ {[#]} Kh7 $1 46. h6 (46. Qb2 {is a better defense.}) 46... Ng6 (46... Kxh6 $142 {Strongly threatening ...Ng6.} 47. Rf1 Ng6) 47. Bf5 {White threatens Qh5 and mate.} Kxh6 48. Bxg6 Kxg6 {[%mdl 4096] Endgame KQR-KQR} 49. Qg4 $2 (49. Qd3 Kf7 50. Qb3) 49... Qe5 50. Qf5+ Qxf5 51. Rxf5 Rc5 52. d6 $2 (52. Rf1) 52... Rc2+ {Black is clearly winning.} 53. Kf3 {Black must now prevent d7.} Rd2 54. Rc5 Rxd6 55. Rc7 b6 {What a bad dream for White.  Weighted Error Value: White=0.39/Black=0.22} 0-1

[Event "EYCC Open U20 2021"]
[Site "Tornelo"]
[Date "2021.10.15"]
[Round "5.2"]
[White "Salemgareev, Tagir"]
[Black "Rozen, Eytan"]
[Result "1-0"]
[WhiteElo "2489"]
[BlackElo "2386"]
[Annotator "TA"]
[PlyCount "97"]
[EventDate "2021.10.15"]
[EventType "swiss"]
[EventCountry "NET"]
[SourceTitle "playchess.com"]
[Source "ChessBase"]
[SourceQuality "1"]

{[%evp 14,97,40,40,18,7,2,0,-3,-43,-41,-38,-23,-54,0,0,0,0,0,-34,-34,-31,-43,-53,-53,-59,-54,-54,-53,-81,-63,-82,-62,-59,0,0,-11,0,0,0,0,0,0,0,0,0,0,0,0,0,0,0,0,0,34,43,50,0,0,0,536,576,29970,29971,29982,29983,29983,29984,29983,29984,29989,29990,29990,29991,29991,29991,29992,29993,29993,29993,29993,29993,29993,29990,29998,29999]} 1. d4 f5 2. Nf3 Nf6 3. g3 g6 4. Bg2 Bg7 5. O-O O-O 6. b3 d6 7. Bb2 Ne4 8. c4 Nc6 {A87: Dutch Defence: Leningrad System: 5 Nf3.} 9. Qc2 {9.Nc3 is the modern continuation.} e5 {[%cal Re5d4]} 10. dxe5 dxe5 {[#] The position is equal.} 11. Nfd2 $146 ({Predecessor:} 11. Nc3 Nxc3 12. Bxc3 e4 13. Rad1 Qe7 14. Bxg7 Qxg7 15. Ng5 h6 16. Nh3 g5 17. Kh1 {0-1 (43) Turna,S-Ruckschloss,K (2240) Bratislava 1990}) 11... Nd4 12. Qd1 Nxd2 13. Qxd2 e4 (13... f4 $15) 14. Rd1 $11 {[%cal Rb2d4]} Qe7 15. Nc3 {Nd5 is the strong threat.} c6 16. Nxe4 Rd8 {Hoping for ...Nf3+!} 17. Nc3 $1 {[#]} ({Avoid the trap} 17. Bxd4 $2 Rxd4 18. Qe3 Rxd1+ 19. Rxd1 fxe4 $19) 17... Nf3+ 18. Bxf3 (18. exf3 Rxd2) 18... Rxd2 19. Rxd2 Be6 20. Rad1 g5 21. Na4 Bxb2 22. Nxb2 Rf8 23. Rd6 Bd5 24. Bxd5+ cxd5 25. R1xd5 Qxe2 26. Nd3 Qxa2 27. Nc5 Re8 28. Kg2 $1 Qc2 29. Rd2 $1 {[%cal Rd2c2]} Qb1 30. Rd1 Qc2 31. R1d2 Qc1 32. Rd1 Qa3 33. R1d5 f4 34. Rxg5+ Kh8 35. Rd7 f3+ $1 36. Kh3 b6 {[%mdl 8192] [#]} (36... Qa1 $11) 37. Ne6 $1 $18 {[%mdl 512]} Qxb3 {[#]} (37... h6 38. Rg6) 38. Nd8 $1 {[%cal Rd8f7] White mates.} h6 39. Nf7+ {[%mdl 64] Double Attack} Kh7 40. Nd6+ Kh8 41. Rgg7 Re5 42. Rh7+ {[%mdl 64] Double Attack} Kg8 43. Rdg7+ Kf8 44. Rxa7 {[%cal Rh7h8]} Rh5+ 45. Kg4 {[%cal Rh7h8]} Rg5+ 46. Kh4 {[%cal Ra7a8]} Kg8 47. Rhc7 {[%cal Rc7c8]} Kh8 48. Nf7+ {[%mdl 64] Double Attack} Kg8 49. Nxh6+ {Weighted Error Value: White=0.04/Black=0.43} 1-0

[Event "EYCC Open U20 2021"]
[Site "Tornelo"]
[Date "2021.10.15"]
[Round "5.3"]
[White "Dudin, Gleb"]
[Black "Ben Ari, Yannay"]
[Result "1-0"]
[WhiteElo "2438"]
[BlackElo "2416"]
[Annotator "TA"]
[PlyCount "131"]
[EventDate "2021.10.15"]
[EventType "swiss"]
[EventCountry "NET"]
[SourceTitle "playchess.com"]
[Source "ChessBase"]
[SourceQuality "1"]

{[%evp 11,131,10,23,4,12,3,20,11,32,8,18,15,29,26,31,33,41,24,25,25,14,12,25,16,15,25,17,7,43,13,18,0,224,234,236,249,254,225,261,48,60,18,201,213,192,10,13,18,72,62,46,58,123,109,217,237,225,225,329,323,29981,239,250,75,73,73,75,41,80,52,106,0,80,0,81,73,80,80,83,80,153,79,198,82,143,147,123,141,159,112,264,263,454,444,466,466,466,466,481,848,902,816,481,481,481,474,466,466,466,466,1268,1268,5583,5027,5583,5477,5495,5157,5057,4133,1394,470]} 1. d4 Nf6 2. c4 e6 3. Nf3 d5 4. g3 dxc4 5. Bg2 Bb4+ 6. Bd2 a5 7. a3 {E04: Open Catalan: 5 Nf3.} Be7 8. Qa4+ c6 9. Qxc4 {[#] The position is equal.} b6 $146 ({Predecessor:} 9... b5 10. Qc2 Bb7 11. O-O Nbd7 12. Nc3 O-O 13. e4 Qb6 14. e5 Nd5 15. Bg5 Bxg5 16. Nxg5 {1-0 (45) Boj Marques,J (1978)-Tirado Parra,A (1873) Benidorm 2014}) 10. Qc2 Bb7 11. O-O c5 12. Rd1 Nbd7 13. Nc3 O-O 14. Bg5 Qc8 15. Rac1 cxd4 16. Nxd4 Bxg2 17. Kxg2 Qb7+ 18. f3 Rac8 19. e4 Ne5 20. Be3 Rfd8 21. Qb3 Bc5 $2 (21... Nc4 $11 {and Black stays safe.} 22. Bf2 Nd7) 22. Nxe6 $1 $18 {[%mdl 64] Discovered Attack} fxe6 23. Bxc5 {[%mdl 64] Pin} Qf7 24. Bxb6 Rf8 {intending ...Nxf3.} 25. Ne2 $2 (25. Na4 $1 $18) 25... Rb8 $1 $14 26. Qe3 {Strongly threatening Bc5.} Nfg4 $2 27. fxg4 $18 Nxg4 28. Qc3 (28. Qb3 $2 Rxb6 $1 {[%mdl 512]} 29. Qxb6 Qf3+ 30. Kh3 (30. Kg1 $2 Qxe2 31. Qxe6+ Kh8 $19) 30... Nf2+ 31. Qxf2 Qxf2 $19) ({White must play} 28. Qg5 $1 $18 Qf3+ 29. Kh3) 28... Rxb6 $11 29. Rf1 $36 {[%mdl 2048] White has some pressure.} Qe7 (29... Nf6 $11 {remains equal.}) 30. Rxf8+ $16 Qxf8 31. Nf4 Nf6 (31... h6 $14) 32. e5 Qa8+ (32... Nd7 $16 33. Qd4 (33. Qxa5 Rxb2+ 34. Kg1 Qf5 $11) 33... Qa8+ 34. Kh3 Qb7) 33. Kh3 $1 $18 Ne4 {( -> ...Nf2+)} 34. Qd4 {[%cal Rd4d7]} Rb8 (34... Ng5+ {might work better.} 35. Kg4 Qf8 36. Kxg5 (36. Qxb6 $2 Qf5+ {[%mdl 64] Double Attack} 37. Kh5 Nf3#) 36... Qf5+ 37. Kh4 g5+ 38. Kh5 gxf4+ 39. Kh4 Rb8 40. Qxf4 (40. gxf4 Kh8 $16) 40... Qxf4+ 41. gxf4 Rxb2) 35. Nxe6 {And now Rc7 would win.} Qa6 $2 (35... Kh8 $18 36. Kh4 Qa6) 36. Qd5 $2 (36. Qd7 {mates} Ng5+ 37. Nxg5 h6 38. Ne6 Rb7 39. Qc8+ Kh7 40. Nf8+ Kh8 41. Ng6+ {[%mdl 64] Discovered Attack (Double check)} Kh7 42. Ne7 $1 {[%mdl 576] Pin}) 36... Kh8 {next ...Qxe6+ is good for Black.} 37. Qxe4 $2 (37. Qc6 $18 {and White stays clearly on top.} Nf2+ 38. Kh4 Qxc6 39. Rxc6) 37... Qxe6+ {[%mdl 4096] Endgame KQR-KQR} 38. Kg2 {Hoping for Rc2.} Rxb2+ 39. Rc2 Rb8 40. Qd4 Rf8 (40... h6 $14) 41. Qe4 ({White should try} 41. Qc5 $16 Re8 42. Qxa5) 41... h6 (41... Rb8 $1 $11) 42. Rf2 (42. a4 $16) 42... Re8 (42... Rxf2+ $11 43. Kxf2 Qa2+ 44. Kf3 Qxa3+ 45. Kg2 Qb4) 43. Re2 Kg8 44. a4 Rf8 45. h4 Rc8 ({Black should play} 45... Re8) 46. Kh2 (46. Rd2 $142 $1) 46... h5 (46... Rd8 $16) 47. Qf3 (47. Rd2 $18 {is the precise move to win.}) 47... Qf7 (47... Rf8 $142 48. Qd3 (48. Qxh5 $2 Rf5 $19) 48... Rb8) 48. Qe3 $16 Qe6 49. Qg5 Rf8 50. Qd2 $1 ({Don't go for} 50. Qxh5 $2 Rf5 $19) 50... Rf1 $2 (50... Qg4 $16 51. Qd5+ Kh7 52. Qd3+ Kg8) 51. Qxa5 $18 Qc6 $2 {[#]} (51... Ra1 {was worth a try.} 52. Qd8+ Kh7) 52. Qd8+ $1 {White is clearly winning.} Kh7 {[%csl Gc6][%cal Rf1h1]} 53. Qd3+ ({Weaker is} 53. Rg2 Qc1 $11) 53... Kg8 {[%csl Gc6][%cal Rf1h1] [#]} 54. Qe4 {[%cal Re4c6]} Rf2+ 55. Kg1 Qxe4 56. Rxe4 {KR-KR} Ra2 57. e6 {Intending e7 and mate.} Kf8 58. e7+ Ke8 59. Kf1 Rb2 60. a5 {[%cal Ba4a5,Ba5a6][%mdl 32]} Ra2 (60... Rb3 $142 61. Ra4 Rb7) 61. Re5 g6 62. Ke1 Rg2 63. a6 Ra2 64. Re6 Ra5 65. Rxg6 Kxe7 66. Kf2 {Weighted Error Value: White=0.32/Black=0.58} (66. Kd2 $142 Kf7 67. Rh6) 1-0